Vedecko výskumná činnosť Katedry marketingu (abstrakty)

Na minha lista:
Detalhes bibliográficos
Outros Autores: Lipianska, Júlia, Štensová, Antónia
Formato: Livro
Idioma:eslovaco
Publicado em: Bratislava Ekonomická univerzita v Bratislave 1998
Assuntos:
Tags: Adicionar Tag
Sem tags, seja o primeiro a adicionar uma tag!

MARC

LEADER 00000nam$a2200000$$$4500
001 0074063
005 20240104091720.6
020 |a 80-225-1077-7 
041 0 |a slo 
044 |a SK 
245 1 0 |a Vedecko výskumná činnosť Katedry marketingu (abstrakty)  |c zostavili: Júlia Lipianska, Antónia Štensová 
264 1 |a Bratislava  |b Ekonomická univerzita v Bratislave  |c 1998 
300 |a 69 s. 
610 2 0 |a marketing 
610 2 0 |a komunikácia marketingová 
610 2 0 |a teória obchodu 
610 2 0 |a logistika 
700 1 |a Lipianska, Júlia 
700 1 |a Štensová, Antónia